| 000 | 00360pab a2200133 454500 | ||
|---|---|---|---|
| 008 | 180718b1999 xxu||||| |||| 00| 0 eng d | ||
| 245 | _aSPECIAL issue on socio-economic implications of demographic change in future | ||
| 260 | _c1999 | ||
| 300 | _ap.1-166 | ||
| 362 | _aOct-Dec | ||
| 650 | _aPopulation dynamics | ||
| 773 | _aManpower Journal | ||
| 909 | _a48225 | ||
| 999 |
_c48225 _d48225 |
||